书目信息 |
| 题名: |
太湖生态环境地图集
|
|
| 作者: | 水利部太湖流域管理局 主编 | |
| 分册: | ||
| 出版信息: | 北京 科学出版社 2000.04 |
|
| 页数: | 80页 | |
| 开本: | 38cm | |
| 丛书名: | ||
| 单 册: | ||
| 中图分类: | Q942.537.8 | |
| 科图分类: | ||
| 主题词: | 植物学:细胞学 | |
| 电子资源: | ||
| ISBN: | 7-03-008154-4 | |
| 000 | 00655nam0 2200193 45 | |
| 001 | 0256343352 | |
| 005 | 2002041015390273 | |
| 010 | @a7-03-008154-4@dRMB 300.00 | |
| 100 | @a20020410d2000 km y0chiy0120 ea | |
| 101 | 0 | @achi |
| 102 | @aCN@b110000 | |
| 200 | 1 | @a太湖生态环境地图集@Atai hu sheng tai huan jing di tu ji@f水利部太湖流域管理局等主编@Fshui li bu tai hu liu yu guan li ju deng zhu bian |
| 210 | @a北京@c科学出版社@d2000.04 | |
| 215 | @a80页@d38cm | |
| 606 | 0 | @a植物学:细胞学 |
| 690 | @aQ942.537.8@v3 | |
| 701 | 0 | @a水利部太湖流域管理局@Ashui li bu tai hu liu yu guan li ju@4主编 |
| 801 | 0 | @aCN@bPFT@c20020410 |
| 905 | @a10447@dQ942.537.8@eS673 | |
| 太湖生态环境地图集/水利部太湖流域管理局等主编.-北京:科学出版社,2000.04 |
| 80页;38cm |
| ISBN 7-03-008154-4:RMB 300.00 |
| ● |
| 相关链接 |
|
|
|
正题名:太湖生态环境地图集
索取号:Q942.537.8/S673
 
预约/预借
| 序号 | 登录号 | 条形码 | 馆藏地/架位号 | 状态 | 备注 |
| 1 | 358362 | 203583620 | 自科库401/401自科库 32排4列2层/ [索取号:Q942.537.8/S673] | 在馆 |